000 00696nam a2200205 a 4500
001 1687
003 CO-ViMGA
008 141112s2004 ck r 000 u spa d
040 _aCO-ViMGA
_bspa
_cCO-ViMGA
082 0 4 _a616.945 B353s
100 1 _aBelgrano,
_950159
245 1 0 _aEl sida y otras enfermedades de transmisión sexual :
_borientaciones para padres e hijos y educadores
260 _aBuenos Aires :
_bBonum,
_c1994
300 _a128p.
505 _aSifilis 25 - - Blenorragia 49 - - Herpe genital 63 - - Hepatitis B 103 - - Referencias generales 125
650 1 4 _aENFERMEDADES DE TRANSMISION SEXUAL
650 1 4 _aENFERMEDADES TRANSMISIBLES
650 1 4 _aSIDA
942 _2ddc
_cBK
999 _c13864
_d13864